| 000 | 00550nam a2200205Ia 4500 | ||
|---|---|---|---|
| 008 | 160803s9999 xx 000 0 und d | ||
| 020 | _a0 590769960 | ||
| 100 | _aArmstrong, Shane | ||
| 245 | _aNot enough water / | ||
| 245 | _cShane Armstrong and Susan Hartley ; illustrated by Marjory Gardner. | ||
| 260 | _aNew York : | ||
| 260 | _bScholastic Inc. | ||
| 260 | _c1997 | ||
| 300 | _a(7) pages : | ||
| 300 | _bcolor illustrations ; | ||
| 300 | _c18 cm. | ||
| 440 | _aReading discovery. | ||
| 650 | _aReaders (Primary) | ||
| 700 | _a170 | ||
| 999 |
_c299157 _d299157 |
||